Métamorphoses animales : Transitions écologiques (notice n° 2072538)
[ vue normale ]
| 000 -LEADER | |
|---|---|
| fixed length control field | 01450cam a2200169 4500500 |
| 005 - DATE AND TIME OF LATEST TRANSACTION | |
| control field | 20260405003951.0 |
| 041 ## - LANGUAGE CODE | |
| Language code of text/sound track or separate title | fre |
| 042 ## - AUTHENTICATION CODE | |
| Authentication code | dc |
| 100 10 - MAIN ENTRY--PERSONAL NAME | |
| Personal name | Hourdry, Jacques |
| Relator term | author |
| 245 00 - TITLE STATEMENT | |
| Title | Métamorphoses animales : Transitions écologiques |
| 260 ## - PUBLICATION, DISTRIBUTION, ETC. | |
| Name of publisher, distributor, etc. | Hermann,<br/> |
| Date of publication, distribution, etc. | 1995.<br/> |
| 520 ## - SUMMARY, ETC. | |
| Summary, etc. | Les métamorphoses animales s'accompagnent de migration d'un milieu vers un autre, tout au long d'une succesion spectaculaire d'étapes et d'adaptations. Longtemps considérées comme de simples changement de forme, elles transmuent les larves juvéniles, définissant ainsi des séquences de transformations d'organes. Directement impliquées dans les transistions écologiques et l'acquisition d'autres modes de vie, elles permettent de réconcilier les vues réductionnistes de la biologie moléculaire et intégratives de la biologie des organes; sur le plan phylogénétique, elles soulignent certaines affinités d'embranchements. Tous les changements de milieu sont examinés dans leur généralité; chaque fois que possible, le déterminisme endocrinien des métamorphoses et des migrations associées pour chaque groupe est décrit et les mécanismes d'actions des hormones analysés. Un manuel de base. |
| 700 10 - ADDED ENTRY--PERSONAL NAME | |
| Personal name | Cassier, Pierre |
| Relator term | author |
| 700 10 - ADDED ENTRY--PERSONAL NAME | |
| Personal name | D’Hondt, Jean-Loup |
| Relator term | author |
| 700 10 - ADDED ENTRY--PERSONAL NAME | |
| Personal name | Porchet, Maurice |
| Relator term | author |
| 856 41 - ELECTRONIC LOCATION AND ACCESS | |
| Uniform Resource Identifier | <a href="https://stm.cairn.info/metamorphoses-animales--9782705662646?lang=fr&redirect-ssocas=7080">https://stm.cairn.info/metamorphoses-animales--9782705662646?lang=fr&redirect-ssocas=7080</a> |
Pas d'exemplaire disponible.




Réseaux sociaux